| 000 | 00424nam a2200181 4500 | ||
|---|---|---|---|
| 003 | . | ||
| 005 | 20251223104135.0 | ||
| 008 | . | ||
| 020 | _a9781266962714 | ||
| 040 | _c. | ||
| 082 | _a658.15 R733 2024 | ||
| 100 | _aRoss , Stephen A | ||
| 245 |
_aFundamentals of corporate finance ise: _b/ _cStephenA Ross |
||
| 250 | _a14 ed | ||
| 260 | _bNew York, McGraw Hill, 2024 | ||
| 300 |
_a919 p _c24 cm |
||
| 942 |
_2ddc _cBK-EN _n0 |
||
| 999 |
_c7847 _d7847 |
||